Philippines : Selected Issues.

This Selected Issues paper examines the interaction between real and financial cycles in the Philippines and their relationship to the global financial cycle. It finds that the surge in capital inflows between 2010 and mid-2013 can largely be explained by global financial factors such as global risk...

Descripció completa

Dades bibliogràfiques
Autor corporatiu: International Monetary Fund. Asia and Pacific Dept
Format: Revista
Idioma:English
Publicat: Washington, D.C. : International Monetary Fund, 2015.
Col·lecció:IMF Staff Country Reports; Country Report ; No. 2015/247
Accés en línia:Full text available on IMF
LEADER 01783cas a2200241 a 4500
001 AALejournalIMF015489
008 230101c9999 xx r poo 0 0eng d
020 |c 5.00 USD 
020 |z 9781513586243 
022 |a 1934-7685 
040 |a BD-DhAAL  |c BD-DhAAL 
110 2 |a International Monetary Fund.  |b Asia and Pacific Dept. 
245 1 0 |a Philippines :   |b Selected Issues. 
264 1 |a Washington, D.C. :  |b International Monetary Fund,  |c 2015. 
300 |a 1 online resource (67 pages) 
490 1 |a IMF Staff Country Reports 
500 |a <strong>Off-Campus Access:</strong> No User ID or Password Required 
500 |a <strong>On-Campus Access:</strong> No User ID or Password Required 
506 |a Electronic access restricted to authorized BRAC University faculty, staff and students 
520 3 |a This Selected Issues paper examines the interaction between real and financial cycles in the Philippines and their relationship to the global financial cycle. It finds that the surge in capital inflows between 2010 and mid-2013 can largely be explained by global financial factors such as global risk aversion, with exchange rate expectations and domestic fundamentals playing a secondary role. Moreover, local bond yields and retail bank rates seem to be driven by the same global factors and the U.S. term premiums. The paper suggests that the quantitative impact of VIX shocks on domestic demand via capital flows and asset repricing and of changes in the U.S. 10-year Treasury bond yields on bank credit and investment, are significant. 
538 |a Mode of access: Internet 
830 0 |a IMF Staff Country Reports; Country Report ;  |v No. 2015/247 
856 4 0 |z Full text available on IMF  |u http://elibrary.imf.org/view/journals/002/2015/247/002.2015.issue-247-en.xml  |z IMF e-Library